Normal view MARC view
  • Stiller, Evelyn, Leblanc, Cathie

Entry Personal Name

Number of records used in: 1

001 - CONTROL NUMBER

  • control field: 64744

003 - CONTROL NUMBER IDENTIFIER

  • control field: NUST

005 - DATE AND TIME OF LATEST TRANSACTION

  • control field: 20210628203327.0

008 - FIXED-LENGTH DATA ELEMENTS

  • fixed length control field: 210628|| aca||aabn | a|a d

040 ## - CATALOGING SOURCE

  • Original cataloging agency: NUST
  • Transcribing agency: NUST

100 ## - HEADING--PERSONAL NAME

  • Personal name: Stiller, Evelyn, Leblanc, Cathie

670 ## - SOURCE DATA FOUND

  • Source citation: Work cat.: (NUST): Stiller, Evelyn, Leblanc, Cathie, Project-based software engineering, an object-oriented approach, 2002
© 2023 Central Library, National University of Sciences and Technology. All Rights Reserved.